| 000 | 00608nam a2200181Ia 4500 | ||
|---|---|---|---|
| 008 | 100921s9999 xx 000 0 und d | ||
| 082 |
_b25395 _a891.461 थ 89 |
||
| 100 | _aजोशी नारायण गणेश.संपा. | ||
| 245 | _aप्राचीन गीतमंजुषा. | ||
| 260 |
_b--- _c1989 |
||
| 300 |
_a406 _b--- |
||
| 365 | _b140 | ||
| 520 | _aललित-काव्य. | ||
| 630 | _aप्राचीन गीतमंजुषा. | ||
| 650 | _aललित-काव्य. | ||
| 730 | _aप्राचीन गीतमंजुषा. | ||
| 942 | _cBOOK | ||
| 999 |
_c774508 _d774505 |
||